000 00298nam a22001337a 4500
008 170807b xxu||||| |||| 00| 0 eng d
020 _a9781111830847
041 _aeng
080 _215TH
_a004
100 _a33
101 _aSHK
245 _aTHE AMERICAN PAGEANT
_cKENNEDY,D.M
942 _2udc
_cBK
999 _c22757
_d22757